000
00289nam a22001337a 4500
008
171002b xxu||||| |||| 00| 0 eng d
020
_a
2900205781712
041
_a
eng
080
_2
2ND
_a
37
100
_a
47
101
_a
EDU
245
_a
THE WRITER'S WORLD
_c
GAETZ.L
942
_2
udc
_c
BK
999
_c
31145
_d
31145